Mládí v hajzlu 3 - Mladík v exilu /
Když se Nickova rodina rozpadne, město hoří a všechny výpadovky blokuje policie, musí se tento rebelující teenager vyrovnat s ekonomickým strádáním, bezdomovstvím, "gulagem školství", soutěživým otcem a počínající plešatostí. V průběhu toho všeho se neustále snaží přelstít "afektované...
Uloženo v:
| Série: | Mládí v hajzlu,
část 3 |
|---|---|
| Hlavní autor: | |
| Médium: | E-kniha |
| Jazyk: | Czech |
| Vydáno: |
Praha :
Jota,
1995
|
| Příbuzné jednotky: | Z cyklu::
Mládí v hajzlu |
| Tagy: |
Žádné tagy |
| LEADER | 01654nam a22002417i 4500 | ||
|---|---|---|---|
| 001 | 292006 | ||
| 007 | ta | ||
| 008 | 260407s1995 xr ||||| |||| 00| 0 cze d | ||
| 020 | |a 9788072171132 | ||
| 044 | |a xr | ||
| 100 | 1 | |a Payne, C.D. |4 aut | |
| 245 | 1 | 0 | |a Mládí v hajzlu 3 - Mladík v exilu / |c Payne, C.D. |
| 264 | 1 | |a Praha : |b Jota, |c 1995 | |
| 300 | |a 1 online zdroj (216 stran) | ||
| 336 | |a text |b txt |2 rdacontent | ||
| 337 | |a bez média |b n |2 rdamedia | ||
| 338 | |a online zdroj |b cr |2 rdacarrier | ||
| 520 | 2 | |a Když se Nickova rodina rozpadne, město hoří a všechny výpadovky blokuje policie, musí se tento rebelující teenager vyrovnat s ekonomickým strádáním, bezdomovstvím, "gulagem školství", soutěživým otcem a počínající plešatostí. V průběhu toho všeho se neustále snaží přelstít "afektovaného debila" Trenta Prestona, svého soka v lásce. Paradoxně na této cestě nachází především obecnou radost ze života a soucit — obojí velmi nakažlivé! Až budete číst tento velký komický epos —náctileté úzkosti, buďte připraveni smát se nahlas. Doporučujeme všem, kteří někdy přežili dospívání. | |
| 787 | 0 | 8 | |g 3 |i Z cyklu: |t Mládí v hajzlu |
| 910 | |a RBIT002 | ||
| 998 | |d 684 |a https://core.palmknihy.cz/api/books/684/cover?5fpw5t |b https://core.palmknihy.cz/api/books/684/cover/400?gmbj7z |c https://core.palmknihy.cz/api/books/684/cover/50?z1wpw4 |e 2031-01-01 |g 216 |i 9788072171132 |j https://core.palmknihy.cz/api/books/684/preview.epub |k https://core.palmknihy.cz/api/books/684/preview.pdf |l |q 49 |r 1 |s https://www.palmknihy.cz/kniha/684 |t ebook |y 1995 |z 1 |v Mládí v hajzlu |w 3 | ||
| 999 | |d 292004 | ||